00345nam a2200145Ia 4500003000500000008004100005020001800046040001900064082000700083100001800090245002500108260004600133300000800179546001200187STCL181203s9999 xx 000 0 und d a9780590133838 aSTCLbENcSTCL 222 aRose, Malcolm 0aCircle of Nightmares bScholastic Children's BooksaLondonc1997 a266 aEnglish